Prison to praise / (Record no. 6340)

MARC details
000 -LEADER
fixed length control field 00677nam a2200241Ia 4500
001 - CONTROL NUMBER
control field 10843099
003 - CONTROL NUMBER IDENTIFIER
control field OCoLC
005 - DATE AND TIME OF LATEST TRANSACTION
control field 20190116175716.0
008 - FIXED-LENGTH DATA ELEMENTS--GENERAL INFORMATION
fixed length control field 840614s1970 cau 000 0 eng d
020 ## - INTERNATIONAL STANDARD BOOK NUMBER
International Standard Book Number 0943026024
020 ## - INTERNATIONAL STANDARD BOOK NUMBER
International Standard Book Number 9780943026022
035 ## - SYSTEM CONTROL NUMBER
System control number (OCoLC)10843099
Canceled/invalid control number (OCoLC)12308643
040 ## - CATALOGING SOURCE
Original cataloging agency TRV
Transcribing agency TRV
Modifying agency SCN
-- BAKER
-- JCU
082 ## - DEWEY DECIMAL CLASSIFICATION NUMBER
Classification number 248.4
Item number C293P
090 ## - LOCALLY ASSIGNED LC-TYPE CALL NUMBER (OCLC); LOCAL CALL NUMBER (RLIN)
Classification number (OCLC) (R) ; Classification number, CALL (RLIN) (NR) BV4501.2
Local cutter number (OCLC) ; Book number/undivided call number, CALL (RLIN) .C33
100 1# - MAIN ENTRY--PERSONAL NAME
Personal name Carothers, Merlin R.
245 10 - TITLE STATEMENT
Title Prison to praise /
Statement of responsibility, etc. [Merlin R. Carothers].
260 ## - PUBLICATION, DISTRIBUTION, ETC.
Place of publication, distribution, etc. Escondido, CA :
Name of publisher, distributor, etc. M.R. Carothers,
Date of publication, distribution, etc. c1970
Date of manufacture (2008 printing)
300 ## - PHYSICAL DESCRIPTION
Extent 106 p. ;
Dimensions 18 cm.
600 10 - SUBJECT ADDED ENTRY--PERSONAL NAME
Personal name Carothers, Merlin R.
650 #0 - SUBJECT ADDED ENTRY--TOPICAL TERM
Topical term or geographic name entry element Christian life.
942 ## - ADDED ENTRY ELEMENTS (KOHA)
Source of classification or shelving scheme Dewey Decimal Classification
Koha item type Books

No items available.


OPAC Designed and Maintained by HMC Library Team.
Copyright © HMC Library,Greater Noida, UP.
For any Suggestions/Query Contact library via Email:libhmc@gmail.com